اردو ادب میں رومانوی تحریک / (Record no. 106151)

MARC details
000 -LEADER
fixed length control field 00796nam a22002537a 4500
005 - DATE AND TIME OF LATEST TRANSACTION
control field 20170123162303.0
010 ## - LIBRARY OF CONGRESS CONTROL NUMBER
LC control number A-998630
020 ## - INTERNATIONAL STANDARD BOOK NUMBER
Terms of availability 90.00
International Standard Book Number 8185172811
035 ## - SYSTEM CONTROL NUMBER
System control number A-998630
037 ## - SOURCE OF ACQUISITION
Source of stock number/acquisition Cen Lib/Ret
040 ## - CATALOGING SOURCE
Original cataloging agency DPL
Language of cataloging UR
082 ## - DEWEY DECIMAL CLASSIFICATION NUMBER
Classification number 840.8
Item number م ح م
100 ## - MAIN ENTRY--PERSONAL NAME
Personal name محمد حسن
9 (RLIN) 661
245 ## - TITLE STATEMENT
Title اردو ادب میں رومانوی تحریک /
Statement of responsibility, etc محمد حسن
246 ## - VARYING FORM OF TITLE
Title proper/short title Urdu adab mein romanvee tahreek /
Remainder of title by Mohammad Hasan
260 ## - PUBLICATION, DISTRIBUTION, ETC. (IMPRINT)
Place of publication, distribution, etc دہلی
Name of publisher, distributor, etc عاقف بک ڈپو
Date of publication, distribution, etc 1998
270 ## - ADDRESS
City دہلی
Address ٤٣٧، متیا محل
Postal code 110002
300 ## - PHYSICAL DESCRIPTION
Extent 135p.
Dimensions 19cm(Hb)
650 ## - SUBJECT ADDED ENTRY--TOPICAL TERM
Topical term or geographic name as entry element اردو ادب
9 (RLIN) 108232
650 ## - SUBJECT ADDED ENTRY--TOPICAL TERM
Topical term or geographic name as entry element اردو ناول
9 (RLIN) 547
650 ## - SUBJECT ADDED ENTRY--TOPICAL TERM
Topical term or geographic name as entry element Urdu litarature
9 (RLIN) 108233
650 ## - SUBJECT ADDED ENTRY--TOPICAL TERM
Topical term or geographic name as entry element Urdu novel
9 (RLIN) 108234
942 ## - ADDED ENTRY ELEMENTS (KOHA)
Source of classification or shelving scheme Dewey Decimal Classification
Koha item type Urdu Bks
Classification part ن
Call number suffix م ح م
Holdings
Withdrawn status Lost status Damaged status Not for loan Home library Current library Date acquired Source of acquisition Cost, normal purchase price Total Checkouts Full call number Barcode Date last seen Copy number Cost, replacement price Price effective from Koha item type
        Central Library Central Library 15/12/2015 Cen Lib/Ret 90.00   840.8 م ح م A-998630 15/12/2015 1 90.00 15/12/2015 Urdu Bks

© Delhi Public Library
Hit Counter
free hit counter